00639nam a2200181Ia 4500008004100000020001500041020001800056041000800074050002500082100002300107245011100130260004400241300002900285650006500314650004500379650001300424700002000437200831s9999||||xx |||||||||||||| ||und|| a0880700645 a9780880700641 aeng aBV4509.5b.E392 1984 aEdwards, Jonathan  0aReligious affections : bhow man's will affects his character before God /cJonathan Edwards, J. M Houston aPortland, Or. :bMultnomah Press,c1984 axxxiv, 226 p.b;c22 cm. aEmotions Religious aspects Christianity Early works to 1800. aEmotions Religious aspects Christianity. aFeeling. aHouston, J. M.